Desserts du monde - Statistiques

Statistiques générales
  • Ce quiz a été pris 344 fois
  • Le résultat moyen est 9 sur 16
Statistiques - réponses
Par images Hint Réponse % Correct
Mochi Japon
98%
Tiramisu Italie
94%
Macarons France
90%
Kouign-amann France
84%
Pastel de nata Portugal
84%
Cannelé France
81%
Christmas pudding Royaume-Uni
77%
Churros Espagne
74%
Baklava Turquie
64%
Brigadeiro Brésil
44%
Gulab Jamun Inde
35%
Sacher Torte Autriche
26%
Poffertjes Pays-Bas
26%
Dulce de Leche Argentine
25%
Pavlova Nouvelle-Zélande / Australie
18%
Halo-Halo Philippines
9%
Aucun quiz correspondant
Distribution des résultats
% des personnes avec chaque résultat
Percentile par nombre de réponses
Votre historique - résultats
Vous n’avez pas pris ce quiz